000 00351nam a2200133Ia 4500
005 20251222142028.0
008 251222s9999||||xx |||||||||||||| ||spa||
020 _a978-612-310-038-4
082 _a612.208.5/V39
100 _aVelásquez, M. Tulio
245 0 _aEl Hombre Nativo de las Grandes Alturas:
264 _bMinisterio de Salud
942 _cLIB
999 _c10864
_d10864